| 000 | 01088nam a2200289Ia 4500 | ||
|---|---|---|---|
| 003 | OSt | ||
| 005 | 20221005105944.0 | ||
| 006 | a|||||r|||| 00| 0 | ||
| 007 | ta | ||
| 008 | 221004b |||||||| |||| 00| 0 mal d | ||
| 020 | _c75 | ||
| 024 | _a92610 | ||
| 037 |
_b533, 19/03/2009, Vani Prakashan _cTextual |
||
| 040 |
_aCRL _cCRL _bmal |
||
| 041 |
_2mal _amal |
||
| 082 | _aO32,1M63:g, 152M0 | ||
| 100 | _aजॉर्ज, के. एम. | ||
| 245 | 0 | _aए. आर. राजराज वर्मा | |
| 246 | _aE ār rājarāj varmā | ||
| 260 |
_aनई दिल्ली _bसाहित्य अकादेमी भारत _c1980 |
||
| 300 |
_a70पृ0 _ccm. |
||
| 490 | _aभारतीय साहित्य के निर्माता | ||
| 650 | _aमलयालम साहित्य | ||
| 700 | _a माहेश्वर, अनु. | ||
| 942 |
_hO32,1M63:g, 152M0 _cTEXL _2cc |
||
| 999 |
_c1017351 _d1017351 |
||